000 00394 a2200109 4500
001 ART_61642
005 20260410162056.0
008 260409a
245 1 0 _aInvestigación académica, legislativa y de praxis judicial de los delitos tributarios
100 1 _aBorinsky, Mariano H.
773 0 _tTemas de derecho penal y procesal penal
_g- Año 5, N° 7 (jul. 2023)
_wREV60798
999 _c36323
_d36323